000 00361pab a2200169 454500
008 180718b2014 xxu||||| |||| 00| 0 eng d
100 _aCoffey, Diance
245 _aHeight of the problem
260 _c2014
300 _ap.19-23.
362 _aSep
650 _aTribes
700 _aSpears, Dean
773 _aSeminar
908 _aN
909 _a105391
999 _c105386
_d105386